| 000 | 00346nam a22001337a 4500 | ||
|---|---|---|---|
| 008 | 250310b |||||||| |||| 00| 0 eng d | ||
| 020 | _a9783527314638 | ||
| 050 |
_aR857 _b.C66 |
||
| 100 | _aTadros Tharwat F. | ||
| 245 | _aColloid Stability and Application in Pharmacy | ||
| 260 |
_aGermany _bWiley VCH _c2007 |
||
| 300 | _aXVIII,437P | ||
| 942 | _cBK | ||
| 999 |
_c2206 _d2206 |
||